000 01841cam a22004934i 4500
003 PE-LiUPU
005 20250731172952.0
008 150623s r 000 0 d
020 _a8486329892
035 _a(Sirsi) i9788486329891
040 _aPE-LiUPU
_bspa
_cPE-LiUPU
_erda
049 _aPRUA
082 0 4 _a264.007
_bO45
_221
100 1 _aOlmo Lete, Gregorio del,
_eautor.
245 1 3 _aLa religión Cananea :
_bsegún la liturgia de Ugarit estudio textual /
_cGregorio del Olmo Lete.
264 1 _aBarcelona :
_bAusa,
_c1992.
300 _a278 páginas :
_bilustraciones láms. ;
_c28 centímetros
336 _atext
_2rdacontent
337 _aunmediated
_2rdamedia
338 _avolume
_2rdacarrier
490 0 _aAula Orientalis - Supplementa ;
_v3
504 _aBibliografía al pie de páginas.
505 0 _aEl panteón cananeo de Ugarit. -La liturgia de Ugarit. -El mito y el culto de la realeza. -El culto funerario de palacio. -El culto palatino no funerario. -La religión de la vida cotidiana.
526 _aSEG42
526 _aSEG41
526 _aSEG40
526 _aSEG39
526 _aP94
526 _aP87
526 _aP86
526 _aP85
526 _aP77
526 _aP76
526 _aP35
650 0 4 _aUgarit (Ciudad extinta)
_xReligión.
650 0 4 _aLiteratura ugarítica
_xHistoria y crítica.
650 0 4 _aCananeos
_xReligión y mitología.
942 _2ddc
_cBOOK
949 _a264.007 O45
_wDEWEY
_c1
_i45055
_lCCODEBUL1
_mBUL
_r0
_sY
_tBOOK
_u2015-6-24
_xTEOLOGIA
_PP35
_0COMPRA
_o.STAFF. Colección General
994 _aC0
_bPEPRU
596 _a1
999 _a264.007 O45
_wDEWEY
_c21938
_i45055
_d21938
_e2018-11-4
_f2021-11-10
_g5
_lCCODEBUL1
_mBUL
_n1
_r0
_sY
_tBOOK
_u2015-6-24
_xTEOLOGIA
_PP35
_0COMPRA
_o.STAFF. Colección General
980 _81
_gALBERTO SANCHEZ Responsable de Automatización